000 00653nam a2200205 a 4500
001 12333
003 CO-ViMGA
008 141112s2004 ck r 000 u spa d
040 _aCO-ViMGA
_bspa
_cCO-ViMGA
082 0 4 _a616.8906 C65p
110 _aCongreso Colombiano de Psiquiatra 1968 Bogotá
_917604
245 1 0 _aPsiquiatria en la América Latina
260 _aBogotá :
_bTercer mundo,
_c1968
300 _a614p.
590 _aForma de adquisición : DONACION - - Proveedor : RAFAEL SALAMANCA - - Fecha de adquisición : 31 - 01 - 2001
650 1 4 _aCONFERENCIAS
_98011
650 1 4 _aCONGRESOS
_917605
650 1 4 _aPSIQUIATRIA
942 _2ddc
_cBK
999 _c23343
_d23343